000 00764cam a2200193 i 4500
005 20260125110527.0
008 250721s1991 le gr 000 0 ara d
082 1 4 _a345.07
_bع ي س
100 1 _aالعيساوي، علي عبدالعال
_eمؤلف.
245 1 0 _aأشهر المحاكمات في التاريخ :
_cتأليف وإعداد الاستاذ علي عبدالعال العيساوي.
_bمن واقع سجلات المحاكم /
250 _aالطبعة الأولى.
264 3 1 _aبيروت :
_c1991.
_bدار الجيل،
300 _a237 صفحة.
650 1 7 _aالقانون الجنائي.
650 1 7 _aالمحاكمات.
650 1 7 _aالإجراءات المدنية.
942 _2ddc
_cBK
999 _c81971
_d81971